[Event "Wuertemberg-ch Seniors 27th"]
[Site "Freudenstadt"]
[Date "2015.07.07"]
[Round "5"]
[White "Braun, Gerhard"]
[Black "Gousseinov, Aguif"]
[Result "1/2-1/2"]
[WhiteElo "1645"]
[BlackElo "1991"]
[PlyCount "90"]
[EventDate "2015.07.03"]
[EventType "swiss"]
[EventRounds "9"]
[EventCountry "GER"]
[SourceTitle "EXT 2016"]
[Source "ChessBase"]
[SourceDate "2015.10.08"]
[SourceVersion "1"]
[SourceVersionDate "2015.10.08"]
[SourceQuality "1"]

1. Nf3 d5 2. d4 Nf6 3. g3 Bf5 4. Bg2 c6 5. 0-0 h6 6. a3 e6 7. b4 a5 8. bxa5 Qxa5 9. Nbd2 Qc3 10. Ra2 Nbd7 11. Bb2 Qxc2 12. Qxc2 Bxc2 13. Rfa1 Ne4 14. Nxe4 dxe4 15. Nd2 Nf6 16. Bc3 Ba4 17. Nxe4 Nd5 18. Bb4 Bb3 19. Rb2 Nxb4 20. Rxb3 Nc2 21. Rab1 Nxa3 22. Ra1 Ra7 23. Nc5 Bxc5 24. dxc5 Nb5 25. Rxa7 Nxa7 26. Rxb7 Nc8 27. Bxc6+ Kf8 28. Rb8 Ke7 29. Bb7 Kd7 30. c6+ Kc7 31. Ra8 Rd8 32. e4 Ne7 33. Rxd8 Kxd8 34. f4 Kc7 35. Kf2 Nxc6 36. Bxc6 Kxc6 37. e5 Kd5 38. Kf3 Kd4 39. h4 f6 40. exf6 gxf6 41. g4 e5 42. g5 e4+ 43. Ke2 fxg5 44. fxg5 hxg5 45. hxg5 Ke5 1/2-1/2

[Event "Wuerttemberg-ch Seniors op 26th"]
[Site "Freudenstadt"]
[Date "2014.07.22"]
[Round "7"]
[White "Klaus, Eduard"]
[Black "Braun, Gerhard"]
[Result "1-0"]
[WhiteElo "1751"]
[BlackElo "1662"]
[PlyCount "100"]
[EventDate "2014.07.16"]
[EventType "swiss"]
[EventRounds "9"]
[EventCountry "GER"]
[SourceTitle "EXT 2019"]
[Source "ChessBase"]
[SourceDate "2018.10.10"]
[SourceVersion "1"]
[SourceVersionDate "2018.10.10"]
[SourceQuality "1"]

1. d4 e6 2. c4 d6 3. Nc3 Nf6 4. e4 g6 5. h3 b6 6. Be3 Bb7 7. Bd3 Bg7 8. Nge2 0-0 9. 0-0 Nc6 10. a3 a5 11. Qc2 d5 12. cxd5 exd5 13. e5 Nd7 14. f4 Ne7 15. b4 axb4 16. axb4 f5 17. b5 Qc8 18. Qb2 c6 19. bxc6 Qxc6 20. Bb5 Qc7 21. Rfc1 Rxa1 22. Rxa1 Ra8 23. Rxa8+ Bxa8 24. Bxd7 Qxd7 25. Qxb6 Qc6 26. Qxc6 Bxc6 27. Kf2 h5 28. Kf3 Bd7 29. Nc1 Be6 30. Nb3 Kf7 31. Nc5 Bf8 32. Nb5 Nc8 33. Nxe6 Kxe6 34. Nc7+ Kd7 35. Nxd5 Ne7 36. Nxe7 Bxe7 37. d5 Bd8 38. Bf2 Be7 39. g4 fxg4+ 40. hxg4 h4 41. g5 h3 42. Kg3 Kc8 43. Kxh3 Kb7 44. Kg4 Ka6 45. f5 gxf5+ 46. Kxf5 Kb5 47. g6 Bf8 48. Ke6 Bg7 49. Bd4 Kc4 50. Ba1 Kc5 1-0

[Event "Wuerttemberg-ch Seniors op 26th"]
[Site "Freudenstadt"]
[Date "2014.07.18"]
[Round "3"]
[White "Braun, Gerhard"]
[Black "Reimann, Guenther"]
[Result "0-1"]
[WhiteElo "1662"]
[BlackElo "1932"]
[PlyCount "112"]
[EventDate "2014.07.16"]
[EventType "swiss"]
[EventRounds "9"]
[EventCountry "GER"]
[SourceTitle "EXT 2019"]
[Source "ChessBase"]
[SourceDate "2018.10.10"]
[SourceVersion "1"]
[SourceVersionDate "2018.10.10"]
[SourceQuality "1"]

1. Nf3 e6 2. g3 f5 3. d4 Nf6 4. Bg2 Be7 5. 0-0 0-0 6. c4 c6 7. c5 b6 8. b4 a5 9. Qb3 axb4 10. Qxb4 Nd5 11. Qb3 bxc5 12. Nc3 Nxc3 13. Qxc3 cxd4 14. Nxd4 Bf6 15. Qc4 Ba6 16. Qa4 Bb7 17. Qb4 Qc7 18. Ba3 Rxa3 19. Qxa3 Bxd4 20. Rab1 Be5 21. Qa7 Ba6 22. Qxc7 Bxc7 23. Rb2 Kf7 24. Rd1 Ke7 25. e3 d5 26. Bf1 Bxf1 27. Kxf1 Kd6 28. f4 Nd7 29. a4 Ra8 30. Ra2 Nc5 31. Rda1 Nb3 32. Rb1 Na5 33. Ke2 Nc4 34. h3 Bb6 35. Rb3 Kc7 36. g4 g6 37. g5 Ra5 38. Kf3 Kb7 39. h4 Rxa4 40. Rxa4 Nd2+ 41. Kg3 Nxb3 42. h5 Nc5 43. Ra1 Ne4+ 44. Kf3 c5 45. hxg6 hxg6 46. Rh1 c4 47. Rh7+ Kc6 48. Ke2 c3 49. Kd3 c2 50. Kxc2 Bxe3 51. Rh6 Bxf4 52. Rxg6 Nxg5 53. Kd3 Kd6 54. Ke2 d4 55. Kd3 Kd5 56. Rg8 Ne4 0-1

[Event "Wuerttemberg-ch Seniors 15th"]
[Site "Ellwangen"]
[Date "2003.04.16"]
[Round "6"]
[White "Giering, Helmut"]
[Black "Braun, Gerhard"]
[Result "1-0"]
[WhiteElo "1733"]
[BlackElo "1462"]
[PlyCount "85"]
[EventDate "2003.04.??"]
[EventType "swiss"]
[EventRounds "9"]
[EventCountry "GER"]
[SourceTitle "EXT 2006"]
[Source "ChessBase"]
[SourceDate "2005.11.24"]
[SourceVersion "1"]
[SourceVersionDate "2005.11.24"]
[SourceQuality "1"]

1. Nf3 Nc6 2. d4 d5 3. e3 Nf6 4. b3 a6 5. c4 Bf5 6. Bd3 Qd7 7. 0-0 g6 8. cxd5 Nb4 9. Ne5 Qxd5 10. Bc4 Qe4 11. Bxf7+ Kd8 12. Nc3 Qc2 13. Bd2 Qxd1 14. Nxd1 e6 15. f3 g5 16. e4 Nc2 17. Rb1 Nxd4 18. exf5 Bc5 19. Kh1 exf5 20. Bxg5 Ke7 21. Nc3 c6 22. Bxf6+ Kxf6 23. Nd7+ Kxf7 24. Nxc5 b5 25. Rbd1 Rhd8 26. Rd3 Rd5 27. Nxd5 cxd5 28. Rxd4 Re8 29. Rxd5 Re2 30. Rd7+ Kg6 31. Rd6+ Kg5 32. Rxa6 Kf4 33. g3+ Ke3 34. Re6+ Kd2 35. Rxe2+ Kxe2 36. Kg2 h5 37. h4 Ke3 38. a4 Kd4 39. Rc1 bxa4 40. bxa4 Ke3 41. a5 f4 42. a6 fxg3 43. a7 1-0